[Event "Moscow Tal Memorial 1st"]
[Site "Moscow"]
[Date "2006.11.16"]
[Round "9"]
[White "Grischuk, Alexander"]
[Black "Carlsen, Magnus"]
[Result "1/2-1/2"]
[WhiteElo "2710"]
[BlackElo "2698"]
[PlyCount "33"]
[EventDate "2006.11.06"]
[EventType "tourn"]
[EventRounds "9"]
[EventCountry "RUS"]
[EventCategory "20"]
[SourceTitle "CBM 116"]
[Source "ChessBase"]
[SourceDate "2007.02.01"]
[SourceVersion "1"]
[SourceVersionDate "2007.02.01"]
[SourceQuality "1"]

1. d4 Nf6 2. c4 e6 3. Nf3 d5 4. Nc3 Bb4 5. cxd5 exd5 6. Bg5 O-O 7. e3 c5 8. dxc5 Nbd7 9. Rc1 Qa5 10. Nd2 b6 11. Be2 bxc5 12. O-O Bxc3 13. Rxc3 Qxa2 14. Qc2 Rb8 15. Rb1 Qa5 $146 ({RR} 15... d4 16. exd4 cxd4 17. Rg3 Ba6 18. Bxf6 Nxf6 19. Ra3 d3 20. Bxd3 {½-½ (20) Pelletier,Y (2588)-Krivoshey,S (2484) Bad Wiessee 2006}) 16. Bxf6 Nxf6 17. Nb3 1/2-1/2

[Event "Corus"]
[Site "Wijk aan Zee"]
[Date "2007.01.14"]
[Round "2"]
[White "Carlsen, Magnus"]
[Black "Navara, David"]
[Result "0-1"]
[WhiteElo "2690"]
[BlackElo "2719"]
[PlyCount "100"]
[EventDate "2007.01.13"]
[EventType "tourn"]
[EventRounds "13"]
[EventCountry "NED"]
[EventCategory "19"]
[SourceTitle "CBM 117"]
[Source "ChessBase"]
[SourceDate "2007.03.30"]
[SourceVersion "1"]
[SourceVersionDate "2007.03.30"]
[SourceQuality "1"]

1. d4 {Van Wely,Loek Krasenkow,Michal} Nf6 2. c4 g6 3. Nc3 d5 4. cxd5 Nxd5 5. e4 Nxc3 6. bxc3 Bg7 7. Bc4 c5 8. Ne2 Nc6 9. Be3 O-O 10. O-O Bd7 ({RR} 10... Bg4 11. f3 Na5 12. Bd3 cxd4 13. cxd4 Be6 14. d5 Bxa1 15. Qxa1 f6 16. Qd4 ({RR} 16. Bh6 Re8 17. Kh1 Bd7 18. e5 Rc8 19. Nf4 Nc4 20. e6 Ba4 21. Nxg6 hxg6 22. Bxg6 Ne5 23. Be4 Bc2 24. Bxc2 Rxc2 25. Qd1 Qc7 ({RR} 25... Rc5 26. f4 Qxd5 27. Qh5 Rc2 28. Rg1 Qxe6 29. Qxe8+ Kh7 30. Qf8 Qg4 31. fxe5 Rc8 32. Qxe7+ Kxh6 33. exf6 Qg5 34. Qxb7 Rc1 35. Qxa7 Rxg1+ 36. Qxg1 Qxf6 37. a4 Qc3 38. h3 Kg5 39. Qd1 Kh6 40. Qd6+) 26. f4 Rc1 27. Qxc1 Qxc1 28. Rxc1 Ng4 29. h3 Nxh6 30. g4 Rd8) 16... Bf7 ({RR} 16... Bd7) 17. Bh6 e5 18. Qf2 Re8 19. Bb5 Re7 20. f4 exf4 ({RR} 20... Rc8 21. fxe5 Rxe5 22. Ng3 Nc4 23. Qxf6 Qxf6 24. Rxf6 a6 25. Ba4 b5 26. Bd1 a5 27. Bg4 Rd8 28. Rc6 Ree8 29. Rc7 Ne5 30. Be2 Rc8 31. Rb7 ({RR} 31. Rxc8 Rxc8 32. Bxb5) 31... b4 32. Bf4 g5 33. Bxg5 Rb8 34. Rxb8 Rxb8 35. Bf4) 21. Qxf4 ({RR} 21. Qd4 Qb6 22. Qxb6 axb6 23. Rxf4 f5) 21... Qb6+ 22. Kh1 Bxd5 23. exd5 Qxb5 24. Qxf6 Qe8 25. Qd4 ({RR} 25. Nf4 Rf7 ({RR} 25... Nc4) 26. Qc3 Qd8 ({RR} 26... Qb5 27. Rc1 Re8 28. h3) 27. Rc1 b5 28. Qg3 ({RR} 28. Ne6 Qf6 ({RR} 28... Qxd5 29. Qc8+ Rf8 30. Qc7 Rf7) 29. Qc8+ Rf8 30. Qxf8+ Rxf8 31. Bxf8 Nc4 32. Bh6 ({RR} 32. Kg1 Qe5 33. Bh6 ({RR} 33. Rf1 Qe3+ 34. Kh1 Qd3) 33... Qh5) 32... Qf2 33. h3 Kf7) 28... Rc8 29. Re1 Re7 30. Rf1 Qd6 31. Bg5 Rf7 ({RR} 31... Rec7 32. Qe1 Nc4) 32. h4 ({RR} 32. Re1 Rcf8 33. Re6 Rxf4) 32... Nc4 ({RR} 32... Re8 33. h5 Nc4) 33. Re1 Rcf8 34. Re6 Qa3 ({RR} 34... Qc7 35. d6 Qd7 ({RR} 35... Nxd6 36. Nxg6) 36. Be7 Nxd6 37. Bxf8 ({RR} 37. Bxd6 Rxf4) 37... Nf5) 35. Qxa3 Nxa3 36. d6 ({RR} 36. g3) 36... Rd7 ({RR} 36... Nc4 37. Nd5) 37. Nd5 ({RR} 37. h5 Nc4 ({RR} 37... Rf5 38. Re8+ ({RR} 38. Bh6 Kf7) ({RR} 38. Re7 Rxe7 39. Bxe7 Kf7) 38... Kf7 39. Rh8 Kg7 ({RR} 39... Rxd6 40. Bh6 Kf6 41. g4 Rc5 42. Rf8+ Ke7 43. Rh8 Rd1+ 44. Kg2 Rc2+ 45. Kf3 Rf1+ 46. Kg3 gxh5 47. Rxh7+ Ke8 48. Nxh5) 40. Rc8 Rxd6 41. Rc7+ Rf7 42. Bh6+ Kxh6 43. Rxf7 a5) 38. hxg6 Nxd6 ({RR} 38... Rxd6 39. gxh7+ Kxh7 40. Re7+ Kg8 41. Rxa7) 39. Nh5 Rf1+ 40. Kh2 hxg6 41. Rxg6+ Kf8 42. Bh6+ Kf7 43. Rg7+ Ke8 44. Rg8+ Ke7) ({RR} 37. Bh6 Ra8 ({RR} 37... Rfd8 38. Bg5) ({RR} 37... Nc4 38. Bxf8 Kxf8) 38. Nd5 Nc4 39. Bf4 Kf7 40. Rf6+ Kg7) 37... Rf1+ 38. Kh2 Kf7 39. Nc7 Nc4) ({RR} 25. Bd2 Qf8 ({RR} 25... Nc4 26. Bc3 Ne5 27. Ng3) 26. Qa1 ({RR} 26. Qxf8+ Rxf8 27. Rxf8+ Kxf8 28. Bb4 Nc4) 26... Rxe2 ({RR} 26... Qg7 27. Bc3) 27. Rxf8+ Rxf8 28. Bxa5 Rxa2 29. Qe1 Rxa5 30. Qe6+)) ({RR} 10... Na5 11. Bd3 cxd4 12. cxd4 b6 13. Qd2 Bb7 14. Rad1 ({RR} 14. Rac1 e6 15. h4 Qe7 16. h5 Rfc8 17. e5 Rxc1 18. Rxc1 Rc8 19. Rxc8+ Bxc8 20. Bg5 Qc7 21. Bf6 Nc6 22. Qg5 h6 23. Qc1 g5 24. Bb5 Bd7 25. d5 exd5 26. Nd4 Bxf6 27. exf6 Qd6 28. Bxc6 Qxf6) 14... Rc8 ({RR} 14... e6) 15. d5 Nc4 16. Bxc4 Rxc4 17. Bd4 Qd6 18. Bxg7 Kxg7 19. Nd4 Qb4 20. Qe3 Rfc8 21. h4 Kg8 22. h5 Qc3 23. Rd3 Qb2 24. h6 ({RR} 24. Rfd1 Rc3 25. Rxc3 Qxc3 26. Qg5) 24... Rc3 25. Nc6) 11. Rb1 Qc7 ({RR} 11... a6 12. d5 ({RR} 12. dxc5)) 12. Bf4 Qc8 ({RR} 12... e5 13. Bg3) 13. d5 ({RR} 13. Bb3 cxd4 14. cxd4 e5 ({RR} 14... Nxd4 15. Nxd4 e5 16. Bd5) 15. dxe5 Nxe5) ({RR} 13. dxc5 Na5 14. Bb5 Bg4 15. Be3 Rd8 16. Qc2) ({RR} 13. Qd3 Rd8 14. Rfc1 Na5 15. Bb5 a6 16. Bxd7 Qxd7 17. Qg3 Rac8 18. h3 Nc4 19. Be3 b5) ({RR} 13. Rc1 a6 ({RR} 13... Rd8 14. Qb3) 14. Qd2 ({RR} 14. a4 Na5 15. Ba2 Qe8) 14... b5 15. Bd3 Qb7 16. Bh6 Bxh6 ({RR} 16... cxd4 17. Bxg7 Kxg7 18. cxd4) 17. Qxh6 cxd4 18. cxd4 Qb6 ({RR} 18... Qa7 19. Rfd1) 19. Rc5 ({RR} 19. d5 Ne5) ({RR} 19. Qe3 e5) ({RR} 19. Rfd1 Bg4) 19... Bg4 ({RR} 19... Nxd4 20. Rh5) ({RR} 19... f6 20. Rfc1) ({RR} 19... Rfd8 20. Rh5 gxh5 21. e5 f5 22. exf6 exf6 23. Qxh7+ Kf8 24. Nf4 Ne7 25. Bg6 Be8 26. Qh6+ Kg8 27. Nxh5) 20. Nf4 Nxd4 ({RR} 20... Rfd8 21. Rg5) 21. Rg5 Bf3 22. Rg3 {1-0 (22) Van Wely,L (2683)-Svidler,P (2728) Wijk aan Zee 2007 CBM 117 [Van Wely,Loek]}) 13... Na5 14. Bd3 e5 15. Bg3 f5 $146 ({RR} 15... c4 16. Bc2 b6 17. Qd2 Nb7 18. f4 f6 19. Kh1 Nd6 20. Ng1 Qd8 21. fxe5 fxe5 22. Nf3 Rc8 23. Rf2 h6 24. Rbf1 Qe7 25. h3 {½-½ (25) Sakaev,K (2669)-Avrukh,B (2614) Izmir 2004 CBM 104 [Krasenkow,Michal]}) ({RR} 15... c4 16. Bc2 b6 17. h3 Nb7 18. f4 exf4 19. Bxf4 Qc5+ 20. Kh1 Rae8 21. Nd4 Be5 22. Bh6 Bg7 23. Bf4 Be5 24. Bh6 Bg7 25. Bf4 {½-½ (25) Antic,D (2443)-Mikhalevski,V (2590) Parramatta 2007}) 16. f4 fxe4 17. Bxe4 Nc4 18. Qd3 Nd6 19. fxe5 Nxe4 20. Qxe4 Bf5 21. Qc4 Bxb1 22. d6+ Kh8 23. Rxb1 Qf5 24. Re1 Bxe5 25. Nd4 Bxd4+ 26. cxd4 Rae8 27. Rxe8 Rxe8 28. h3 Kg7 29. Qb5 Rd8 30. dxc5 Rd7 31. a4 g5 32. a5 a6 33. Qc4 h5 34. Be1 Rf7 35. c6 bxc6 36. Bc3+ Kh7 37. Qxc6 Qf2+ 38. Kh1 Qf1+ 39. Kh2 Qf4+ 40. Kh1 Qf1+ 41. Kh2 Qf4+ 42. Kh1 g4 43. hxg4 hxg4 44. Qc8 g3 45. Qh8+ Kg6 46. Qg8+ Kh5 47. Qh8+ Qh6 48. Qxh6+ Kxh6 49. Kg1 Kg5 50. Bd4 Rf5 0-1

[Event "Corus"]
[Site "Wijk aan Zee"]
[Date "2007.01.15"]
[Round "3"]
[White "Ponomariov, Ruslan"]
[Black "Carlsen, Magnus"]
[Result "1-0"]
[WhiteElo "2723"]
[BlackElo "2690"]
[Annotator "Rogozenco,Dorian"]
[PlyCount "59"]
[EventDate "2007.01.13"]
[EventType "tourn"]
[EventRounds "13"]
[EventCountry "NED"]
[EventCategory "19"]
[SourceTitle "CBM 117"]
[Source "ChessBase"]
[SourceDate "2007.03.30"]
[SourceVersion "1"]
[SourceVersionDate "2007.03.30"]
[SourceQuality "1"]

1. d4 d5 2. c4 c6 3. Nc3 Nf6 4. e3 a6 5. Nf3 Bf5 6. Ne5 ({Another critical test for Black's quite dubious opening set-up is} 6. Qb3 b5 7. cxd5 cxd5 8. a4 b4 9. Qxb4 Nc6 10. Qc5 Na5 11. Bxa6 Rxa6 12. Qb5+ Rc6 13. Ne5 Bd7 14. Nxd7 Nxd7 15. Bd2 Rc8 16. Nxd5 Nc4 17. Rc1 Nd6 18. Rxc8 Qxc8 19. Qa6 $1 Qxa6 20. Nc7+ Kd8 21. Nxa6 {The game 1-0 Radziewicz,I (2421)-Kononenko,T (2417)/Ekaterinburg 2006 (48) showed that Black is struggling in this endgame.}) 6... h6 (6... e6 {runs into} 7. g4 Bg6 8. h4 $16) ({Perhaps instead Black should develop a piece with} 6... Nbd7 {although his position looks pretty shaky anyway, in spite of the draw in the following game:} 7. Qb3 Qc7 8. cxd5 Nxe5 9. dxe5 Nxd5 10. Nxd5 cxd5 11. Bd2 e6 12. Rc1 Qd7 13. Be2 (13. Qb6 Rc8 14. Rxc8+ Qxc8 15. Be2 Bc5 $1) 13... Be7 14. Qb6 Bd8 (14... Rc8 15. Rxc8+ Qxc8 16. O-O $36) 15. Qb4 Be7 16. Qa5 Rc8 (16... Bd8 17. Qa3 Be7 18. Bb4 Bxb4+ 19. Qxb4 $16) 17. Rxc8+ Qxc8 18. O-O Bd8 19. Qa3 f6 20. Rc1 Qd7 21. exf6 gxf6 $14 22. Ba5 Kf7 23. Bxd8 {½-½ Gelfand,B (2723)-Svidler,P (2765)/Monte Carlo (rapid) 2006}) 7. Qb3 Ra7 (7... b5 8. cxd5 cxd5 9. a4 $16) 8. cxd5 cxd5 9. Bd2 e6 10. Rc1 Nbd7 (10... Bd6 11. Qa4+ Nbd7 12. Nb5 $18) (10... Be7 11. Qa4+ Nbd7 12. Nb5 $18) 11. Bb5 (11. Nxd7 Nxd7 12. Ne2 Nb8 13. Nf4 Bd6 14. Bb4 Bxb4+ 15. Qxb4 Nc6 16. Qc5 Ra8 $11 {0-1 Radjabov,T (2610)-Morozevich,A (2716)/Moscow 2002 (34)}) (11. Na4 Be7 (11... Nxe5 12. dxe5 Nd7 13. Nb6 $1 Nxb6 (13... Qxb6 14. Rc8+ Ke7 15. Bb4+ $18) 14. Ba5 $16 {1-0 Kachiani Gersinska,K (2444)-Ionescu Brandis,I (2366)/Istanbul 2003 (36)}) (11... b5 12. Nc6 $1 bxa4 13. Qd1 Qb6 14. Nxa7 Qxa7 15. Rc8+ Ke7 16. Bb4+ $18)) (11. Qa4 Ra8 $1 {brings White nothing.}) 11... Bd6 (11... Be7 12. Bxd7+ Nxd7 13. Nxd7 Qxd7 14. Na4 Qb5 15. Nb6 Qxb3 16. axb3 a5 17. Nc8 Ra6 18. Nxe7 Kxe7 19. Rc7+ Kf6 20. Rxb7 a4 21. bxa4 Rxa4 22. Ke2 $16 {1-0 Pert,N (2503)-Tippleston,C (2203)/Swansea 2006 (50)}) 12. Nxd7 Nxd7 13. Bxd7+ Qxd7 $2 $146 {A bad novelty. It remains a mystery whether Carlsen tries to improve over the existing theory, or he simply didn't know the variation. Considering the fact that the theory of this line is based on a game of PH Nielsen, who is Carlsen's coach, it would be very surprising for Magnus to know nothing about it. In any case 12...xd7 is a result of a superficial homework, since now White achieves a large advantage by force.} (13... Kxd7 14. Na4 b5 15. Nc5+ Ke7 {should be better for White, but things aren't simple and this is definitely preferable to 12...xd7.} 16. f3 (16. a4 $5 Qb8 17. a5 $1 Rc8 18. Bb4 Kf8 19. Kd2 Kg8 20. Nd3 Bxb4+ 21. Nxb4 Rxc1 22. Rxc1 Qxh2 23. e4 $1 Bxe4 24. Qg3 Qh5 25. f3 Bf5 26. Qf4 $44 {[%csl Ra6] 1-0 Vaganian,R (2653)-Frolov,D (2418)/Togliatti 2003 (36)}) 16... Re8 17. e4 dxe4 18. fxe4 Bg6 19. e5 Bxc5 20. Bb4 Kd7 21. Bxc5 Qh4+ 22. g3 Qe4+ 23. Kf2 Qf5+ 24. Qf3 {½-½ Nielsen,P (2625)-Hansen,S (2537)/Malmo 2003. It would have been interesting to see where Ponomariov would have improved White's play here.}) 14. Na4 $1 O-O (14... Bc7 15. Nb6 Qd8 16. Qa4+ Ke7 17. Ba5 Bxb6 18. Qb4+ Qd6 19. Qxb6 Qxb6 20. Bxb6 Raa8 21. Rc7+ Kf6 22. Kd2 {The endgame looks very difficult for Black:} Rhc8 23. Rhc1 Rxc7 24. Rxc7 Rb8 25. b4 (25. Ba7 Re8 $1 26. Rxb7 Re7 $11) (25. Kc3 $5 $16 {[%cal Gc3b4,Gb4a5,Yb6a7,Ra2a4,Ga5b6]}) 25... g5 26. a4 h5 27. Kc3 {leads to a probably lost endgame for Black:} (27. a5 g4 28. b5 axb5 29. Ba7 Ra8 $1 (29... Re8 $2 30. Rxb7 Re7 31. a6 $18) 30. Rxb7 b4) 27... Be4 28. f3 Bf5 29. b5 axb5 30. axb5 Ra8 31. Rxb7 {and White should be winning.}) (14... b5 15. Nb6 $18 {[%cal Gc1c8]}) 15. Nb6 Qd8 16. Nc8 $1 {Possibly Magnus simply missed this. White wins material.} ({After} 16. O-O a5 $1 (16... Bc7 17. Ba5 Qd6 18. g3 {still requires accuracy from Black} (18. Rc3 {would be a mistake due to the unexpected} Qxh2# {A very rare mate for the Slav Defense indeed...})) 17. Nc8 (17. Qb5 Bd3 $1 18. Qxd3 Qxb6 $11) (17. h3 Bc7 $15) 17... Ra8 18. Nxd6 Qxd6 {White's advantage disappears}) 16... Qxc8 $146 (16... Ra8 17. Nxd6 Qxd6 18. Bb4 $18) ({RR} 16... Qg5 17. g3 Be4 18. Rf1 Rxc8 19. Rxc8+ Kh7 20. Qb6 Bf3 21. Qxd6 Qf5 22. Qc5 b6 23. Qc2 Be4 24. Qc1 e5 25. f3 Bd3 26. Rf2 exd4 27. exd4 Re7+ 28. Be3 Bc4 29. b3 Qd3 30. bxc4 Rxe3+ 31. Qxe3 {Balakrishnan,P (2511)-Le Tuan Minh (2567) chess.com INT 2024 0-1 (55)}) ({RR} 16... Qg5 17. g3 Be4 18. Rf1 Bb8 19. Nxa7 Bxa7 20. f3 Bg6 21. Qxb7 Bb8 22. Rc8 Bd6 23. Rxf8+ Bxf8 24. Qb3 Qh5 25. Rf2 Qf5 26. Ke2 h5 27. a3 e5 28. dxe5 Qxe5 29. Bc3 Qf5 30. Bd4 Bh7 31. Qd1 {Arun Prasad,S (2519)-Ravi,T (2398) Bhubaneswar 2016 1-0 (36)}) 17. Rxc8 Rxc8 18. Qb6 $1 ({The quiet} 18. O-O Rc6 19. Rc1 Rxc1+ 20. Bxc1 b5 {[%cal Ga7c7] allows Black to activate the pieces and reach a perfectly playable position.}) 18... Bb8 19. O-O Kh7 20. Rc1 $18 {Ponomariov's precise play leaves Black with no hopes to survive.} Bc2 21. Ba5 Kg6 (21... Rc6 22. Qd8 Ra8 23. Qd7 $18 {[%csl Rb7,Rf7]}) 22. Qb4 Rc4 (22... b5 23. Qd2 $18) 23. Qd2 Bf5 24. Rxc4 dxc4 25. Bb6 Ra8 26. Qe2 e5 ({Black cannot even take his pieces out, since} 26... Bd6 27. e4 {loses the bishop.}) 27. Qxc4 exd4 (27... Bd6 28. Qd5 $18) 28. Qxd4 f6 29. f4 Bb1 30. Qd5 1-0

[Event "Corus"]
[Site "Wijk aan Zee"]
[Date "2007.01.18"]
[Round "5"]
[White "Aronian, Levon"]
[Black "Carlsen, Magnus"]
[Result "1/2-1/2"]
[WhiteElo "2744"]
[BlackElo "2690"]
[PlyCount "39"]
[EventDate "2007.01.13"]
[EventType "tourn"]
[EventRounds "13"]
[EventCountry "NED"]
[EventCategory "19"]
[SourceTitle "CBM 117"]
[Source "ChessBase"]
[SourceDate "2007.03.30"]
[SourceVersion "1"]
[SourceVersionDate "2007.03.30"]
[SourceQuality "1"]

1. d4 Nf6 2. c4 e6 3. Nf3 b6 4. g3 Ba6 5. Qc2 Bb7 6. Bg2 c5 7. d5 exd5 8. cxd5 Nxd5 9. O-O Be7 10. Rd1 Qc8 11. Bg5 h6 12. Bxe7 Nxe7 13. e4 O-O 14. Nc3 Nbc6 15. Rd2 Ba6 16. Bh3 Ng6 17. Bxd7 Qb7 18. Bh3 $146 ({RR} 18. Rad1 Nge5 19. Nxe5 Nxe5 20. Kg2 Rad8 21. Qa4 c4 22. b4 cxb3 23. axb3 Kh8 24. Rd5 Qc7 25. Nb5 Bxb5 26. Bxb5 Rxd5 27. Rxd5 Qc3 28. Be2 a5 29. Qb5 f6 30. f4 Nc6 31. Qxb6 Rb8 32. Qc7 Qc2 {Sakaev,K (2634)-Zakhartsov,V (2559) Krasnoyarsk 2007 ½-½ (38)}) 18... Rad8 19. Rad1 Qb8 20. Bg2 1/2-1/2

[Event "Corus"]
[Site "Wijk aan Zee"]
[Date "2007.01.24"]
[Round "10"]
[White "Topalov, Veselin"]
[Black "Carlsen, Magnus"]
[Result "1-0"]
[WhiteElo "2783"]
[BlackElo "2690"]
[PlyCount "51"]
[EventDate "2007.01.13"]
[EventType "tourn"]
[EventRounds "13"]
[EventCountry "NED"]
[EventCategory "19"]
[SourceTitle "CBM 117"]
[Source "ChessBase"]
[SourceDate "2007.03.30"]
[SourceVersion "1"]
[SourceVersionDate "2007.03.30"]
[SourceQuality "1"]

1. d4 Nf6 2. c4 e6 3. Nf3 d5 4. Nc3 Bb4 5. cxd5 exd5 6. Bg5 O-O 7. e3 c5 8. dxc5 Nbd7 9. Rc1 Qa5 10. a3 Bxc3+ 11. Rxc3 Ne4 12. b4 Nxc3 13. Qa1 Qa4 14. Qxc3 a5 15. b5 Nxc5 16. Qxc5 Be6 17. Qc1 Rfc8 18. Qa1 Qc2 19. Be2 Qc1+ 20. Qxc1 Rxc1+ 21. Bd1 Ra1 22. a4 Rc8 23. Nd4 Rc4 24. O-O f6 $146 ({RR} 24... Rb1 25. Bd8 Rcc1 26. Be2 Rxf1+ 27. Bxf1 Ra1 28. Bxa5 Rxa4 29. Bc7 Ra2 30. Nxe6 fxe6 31. f4 Kf7 32. Be5 g6 33. Bd4 Rc2 34. h3 Ke7 35. b6 Kd6 36. h4 Rd2 37. Kh2 Kc6 38. Kg3 Kd6 39. Kf3 {Reich,T (2404)-Kabatianski,A (2436) Germany 2008 1-0 (55)}) 25. Bf4 Bf7 26. h4 1-0